00213nam a2200097Ia 4500008004100000041001200041082001600053245002800069260000900097650000900106221030s9999 xx 000 0 und d aEnglish a105.23bMCA 0aC ++ How To ProgrambCD c2006 aBook